00434 2200169 4500001002100000008004100021035002000062245004100082100001500123260003700138300002000175020002200195084001400217082000800231650001000239990001500249INLIS000000000003243 ind  a0010-1225000064 aMoga Bunda Disayang AllahcTere Liye aLiye, Tere aDepok :bPT Sabak Grip Nusantara a297c13,5x20 cm a978-623-96074-9-4 a813 LIY m a813 aFiksi a19718/B/26